Normal view
MARC view
- Teddy bears
Entry Topical Term
001 - CONTROL NUMBER
- control field: 65190
003 - CONTROL NUMBER IDENTIFIER
- control field: OSt
005 - DATE AND TIME OF LATEST TRANSACTION
- control field: 20190110144921.0
008 - FIXED-LENGTH DATA ELEMENTS
- fixed length control field: 190110|| aca||aabn | a|a d
040 ## - CATALOGING SOURCE
- Original cataloging agency: OSt
- Transcribing agency: OSt
150 ## - HEADING--TOPICAL TERM
- Topical term or geographic name as entry element: Teddy bears
- Form subdivision: Juvenile fiction.
670 ## - SOURCE DATA FOUND
- Source citation: Work cat.: (OSt)27108: Donaldson, Julia, author. 45441, One Ted falls out of bed /